| 000 | 00634nam a2200217Ia 4500 | ||
|---|---|---|---|
| 003 | 0100 | ||
| 008 | 130303s9999 xx 000 0 und d | ||
| 040 | _cARRUPELIB | ||
| 050 | _aBJ1012.H32 1971 | ||
| 100 | _aHarrison, Jonathan | ||
| 245 | _aOur Knowledge of Right and Wrong | ||
| 260 | _aLondon | ||
| 260 | _bGeorge Allen and Unwin | ||
| 260 | _C1971 | ||
| 300 | _a407p. | ||
| 300 | _b 22cm | ||
| 650 | _bAmerican literature--Afro-American authors--History and criticism--Theory, etc | ||
| 650 | _cAmerican literature--Study and teaching (Higher) | ||
| 650 | _dLiterature and society--United States | ||
| 942 |
_2lcc _01 |
||
| 999 |
_c66107 _d66107 |
||